Boletín del Museo del Prado. (Record no. 2850)

MARC details
000 -LEADER
campo de control de longitud fija 01220nas a2200373 i 4500
001 - NÚMERO DE CONTROL
campo de control 2850
003 - IDENTIFICADOR DE NÚMERO DE CONTROL
campo de control ES-MaACL
005 - FECHA Y HORA DE LA ÚLTIMA TRANSACCIÓN
campo de control 20250814062602.0
007 - CAMPO FIJO DE DESCRIPCIÓN FÍSICA--INFORMACIÓN GENERAL
campo de control de longitud fija t|
008 - DATOS DE LONGITUD FIJA--INFORMACIÓN GENERAL
campo de control de longitud fija 010531c1980 sp t| | 0 ||pa d
022 ## - NÚMERO INTERNACIONAL NORMALIZADO PARA PUBLICACIONES SERIADAS
Número Internacional Normalizado para Publicaciones Seriadas 0210-8143
080 ## - NÚMERO DE LA CLASIFICACIÓN DECIMAL UNIVERSAL
Número de la Clasificación Decimal Universal (460)
080 ## - NÚMERO DE LA CLASIFICACIÓN DECIMAL UNIVERSAL
Número de la Clasificación Decimal Universal 7
080 ## - NÚMERO DE LA CLASIFICACIÓN DECIMAL UNIVERSAL
Número de la Clasificación Decimal Universal 06
245 00 - MENCIÓN DEL TÍTULO
Título Boletín del Museo del Prado.
260 ## - PUBLICACIÓN, DISTRIBUCIÓN, ETC.
Lugar de publicación, distribución, etc. Madrid :
Nombre del editor, distribuidor, etc. Museo del Prado,
Fecha de publicación, distribución, etc. 1980-
300 ## - DESCRIPCIÓN FÍSICA
Extensión 10 v. :
Otras características físicas il. ;
Dimensiones 25 cm.
310 ## - PERIODICIDAD ACTUAL
Periodicidad actual Anual,
Fecha de comienzo de la periodicidad actual 1989-
321 ## - PERIODICIDAD ANTERIOR
Periodicidad anterior Cuatrimestral,
Fechas de la periodicidad anterior 1980-1988
362 0# - FECHAS DE PUBLICACIÓN Y/O DESIGNACIÓN SECUENCIAL
Fecha de publicación y/o designación secuencial T. 1, nº 1 (en.-abr. 1980)-
515 ## - NOTA DE PECULIARIDADES DE LA NUMERACIÓN
Nota de peculiaridades de la numeración No se publica de 1996 a 1998.
555 ## - NOTA DE ÍNDICE ACUMULATIVO U OTROS INSTRUMENTOS BIBLIOGRÁFICOS
Nota de índice acumulativo u otros instrumentos bibliográficos Indice números de 1980 a 2004 en CD-ROM.
650 17 - PUNTO DE ACCESO ADICIONAL DE MATERIA--TÉRMINO DE MATERIA
Término de materia o nombre geográfico como elemento de entrada Arte
Fuente del encabezamiento o término embne
9 (RLIN) 10068
650 #4 - PUNTO DE ACCESO ADICIONAL DE MATERIA--TÉRMINO DE MATERIA
Término de materia o nombre geográfico como elemento de entrada Instituciones científicas y diversas
9 (RLIN) 13829
655 #7 - TERMINO DE INDIZACIÓN--GENERO/FORMA
Datos o término principal de género/forma Revistas
9 (RLIN) 226866
Fuente del término tgfbne
710 2# - ENTRADA AGREGADA--NOMBRE DE ENTIDAD CORPORATIVA
Nombre de entidad corporativa o nombre de jurisdicción como elemento de entrada Museo Nacional del Prado.
9 (RLIN) 160001
852 ## - LOCALIZACIÓN
Ubicación ES-MaACL
Número de control de estantería HEM-2070
itemnumber 2954
Ubicación en estantería Hemeroteca
Nota libre Expurgado marzo 2025: posterior 1958; sin encuadernar; en acceso abierto
852 4# - LOCALIZACIÓN
Ubicación ES-MaACL
Número de control de estantería ROT 2/4/27
Ubicación en estantería Rotativo
856 ## - LOCALIZACIÓN Y ACCESO ELECTRÓNICOS
Identificador Uniforme de Recursos <a href="https://dialnet.unirioja.es/servlet/revista?codigo=2007">https://dialnet.unirioja.es/servlet/revista?codigo=2007</a>
Texto de enlace Sumarios de la revista en Dialnet
866 #0 - MENCIÓN TEXTUAL DE FONDOS--UNIDAD BIBLIOGRÁFICA BÁSICA
Fondos 1980-2009.
942 ## - ELEMENTOS DE ENTRADA SECUNDARIOS (KOHA)
Fuente del sistema de clasificación o colocación Clasificación decimal universal
Tipo de ítem Koha Revista
Holdings
Estatus retirado Estado de pérdida Fuente del sistema de clasificación o colocación Estado de daño No para préstamo Colección Biblioteca de origen Biblioteca actual Ubicación en estantería Fecha de adquisición Total de préstamos Signatura topográfica completa Código de barras Visto por última vez Precio de reemplazo Tipo de ítem Koha
Expurgado   Clasificación decimal universal     Periódicos y Revistas Biblioteca del Ateneo de Madrid Biblioteca del Ateneo de Madrid Depósito 26/04/2010   ROT 2/4/27 1183145 23/02/2023 23/02/2023 Revista
Expurgado   Clasificación decimal universal     Periódicos y Revistas Biblioteca del Ateneo de Madrid Biblioteca del Ateneo de Madrid Hemeroteca 17/01/2008   HEM-2070 1002908 23/02/2023 23/02/2023 Revista